| 000 | 00692nam a2200169 a 4500 | ||
|---|---|---|---|
| 001 | 5880 | ||
| 003 | CO-ViMGA | ||
| 008 | 141112s2004 ck r 000 u spa d | ||
| 040 |
_aCO-ViMGA _bspa _cCO-ViMGA |
||
| 082 | 0 | 4 | _a352.0072 S651 |
| 100 | 1 |
_aSolano Sierra, Jairo Enrique _94461 |
|
| 245 | 1 | 0 |
_aRegimen administrativo municipal : _borganización y funcionamiento de los municipios legislación vigente, acto legislativo 01/95, manual autoridades de la municipalidad, derecho procesal al municipal, jurisprudencia, doctrina, comentarios, notas |
| 260 |
_aSantafé de Bogotá : _bLibrería del Profesional, _c1996 |
||
| 300 | _a482 p | ||
| 650 | 1 | 4 | _aMUNICIPIOS - LEGISLACION |
| 942 |
_2ddc _cBK |
||
| 999 |
_c17856 _d17856 |
||